[Event "SN-2014-0-00652"]
[Site "LSS email"]
[Date "2015.01.07"]
[Round "?"]
[White "Fridich, Vaclav Sr"]
[Black "Siegert, Daniel"]
[Result "1/2-1/2"]
[WhiteElo "933"]
[BlackElo "1004"]
[PlyCount "35"]
[EventDate "2014.12.24"]
[EventType "tourn (corr)"]
[EventRounds "6"]
[EventCountry "GER"]
[SourceTitle "Corr 2015"]
[Source "ChessBase"]
[SourceDate "2015.07.17"]
[SourceVersion "1"]
[SourceVersionDate "2015.07.17"]
[SourceQuality "1"]

1. e4 c5 2. Nf3 d6 3. d4 cxd4 4. Nxd4 Nf6 5. Nc3 g6 6. Bb5+ Nbd7 7. Be3 Bg7 8. 0-0 a6 9. Bc4 b5 10. Bb3 Nc5 11. Bd5 Nxd5 12. exd5 0-0 13. Qd2 Re8 14. Nce2 Bb7 15. Nf4 Ne4 16. Qd3 Nf6 17. Nde2 Ng4 18. c3 1/2-1/2

[Event "SN-2014-0-00652"]
[Site "LSS email"]
[Date "2015.01.07"]
[Round "?"]
[White "Vontina, Maria"]
[Black "Fridich, Vaclav Sr"]
[Result "0-1"]
[WhiteElo "612"]
[BlackElo "933"]
[PlyCount "34"]
[EventDate "2014.12.24"]
[EventType "tourn (corr)"]
[EventRounds "6"]
[EventCountry "GER"]
[SourceTitle "Corr 2015"]
[Source "ChessBase"]
[SourceDate "2015.07.17"]
[SourceVersion "1"]
[SourceVersionDate "2015.07.17"]
[SourceQuality "1"]

1. e4 d5 2. exd5 Nf6 3. Nf3 Nxd5 4. Nc3 e6 5. Be2 Bb4 6. Nxd5 Qxd5 7. c3 Bd6 8. 0-0 0-0 9. d4 b6 10. Bg5 c5 11. dxc5 Qxd1 12. Rfxd1 Bxc5 13. Kf1 Nc6 14. Bb5 Bb7 15. Rd7 Bc8 16. Rd6 Bxd6 17. Bxc6 Ba6+ 0-1

[Event "RN-2014-0-00868"]
[Site "LSS email"]
[Date "2014.11.14"]
[Round "?"]
[White "Lenz, Juergen"]
[Black "Fridich, Vaclav Sr"]
[Result "1-0"]
[WhiteElo "905"]
[BlackElo "933"]
[PlyCount "55"]
[EventDate "2014.11.03"]
[EventType "tourn (corr)"]
[EventRounds "6"]
[EventCountry "GER"]
[SourceTitle "Corr 2015"]
[Source "ChessBase"]
[SourceDate "2015.07.17"]
[SourceVersion "1"]
[SourceVersionDate "2015.07.17"]
[SourceQuality "1"]

1. d4 Nf6 2. Nf3 d5 3. Bf4 e6 4. e3 Bd6 5. Ne5 Nbd7 6. Nd2 b6 7. Bd3 Bb7 8. Qf3 Qe7 9. c3 c5 10. Qh3 c4 11. Bc2 h6 12. f3 0-0-0 13. b3 g5 14. Bg3 h5 15. Nxd7 Bxg3+ 16. Qxg3 h4 17. Qb8+ Kxd7 18. Qxb7+ Ke8 19. Qxe7+ Kxe7 20. bxc4 Rc8 21. Bb3 Rhd8 22. cxd5 Nxd5 23. Bxd5 exd5 24. Rc1 Rd7 25. Ke2 Rdc7 26. Kd3 Kd6 27. e4 f6 28. c4 1-0

[Event "RN-2014-0-00865"]
[Site "LSS email"]
[Date "2014.11.06"]
[Round "?"]
[White "Fridich, Vaclav Sr"]
[Black "Vontina, Maria"]
[Result "1-0"]
[WhiteElo "933"]
[BlackElo "612"]
[PlyCount "65"]
[EventDate "2014.10.24"]
[EventType "tourn (corr)"]
[EventRounds "6"]
[EventCountry "GER"]
[SourceTitle "Corr 2015"]
[Source "ChessBase"]
[SourceDate "2015.07.17"]
[SourceVersion "1"]
[SourceVersionDate "2015.07.17"]
[SourceQuality "1"]

1. e4 e6 2. d4 d5 3. e5 c5 4. c3 Nc6 5. Bb5 Qb6 6. Bxc6+ Qxc6 7. Ne2 Ne7 8. 0-0 Ng6 9. Be3 c4 10. a4 Be7 11. Nd2 0-0 12. Ng3 a6 13. b3 cxb3 14. Qxb3 Bd7 15. Rfb1 Rab8 16. a5 Rfc8 17. Rc1 Qb5 18. Qc2 Qc6 19. c4 dxc4 20. Qxc4 Qxc4 21. Rxc4 Bb5 22. Rxc8+ Rxc8 23. Nde4 Bd3 24. h3 Nf8 25. Rd1 Bb5 26. d5 exd5 27. Rxd5 Rd8 28. Nf5 Bg5 29. Bxg5 Re8 30. Nfd6 Rb8 31. Nxb5 axb5 32. Rxb5 Ne6 33. Be3 1-0

[Event "RN-2014-0-00865"]
[Site "LSS email"]
[Date "2014.11.06"]
[Round "?"]
[White "Venturas, Bob"]
[Black "Fridich, Vaclav Sr"]
[Result "0-1"]
[WhiteElo "745"]
[BlackElo "933"]
[PlyCount "76"]
[EventDate "2014.10.24"]
[EventType "tourn (corr)"]
[EventRounds "6"]
[EventCountry "GER"]
[SourceTitle "Corr 2015"]
[Source "ChessBase"]
[SourceDate "2015.07.17"]
[SourceVersion "1"]
[SourceVersionDate "2015.07.17"]
[SourceQuality "1"]

1. e4 c5 2. Bc4 g6 3. Nf3 e6 4. d4 Bg7 5. e5 d5 6. Bb5+ Bd7 7. Bxd7+ Nxd7 8. c4 cxd4 9. Qxd4 Ne7 10. Bg5 Qa5+ 11. Nc3 Nc6 12. Qf4 Ncxe5 13. Nxe5 Nxe5 14. 0-0 0-0 15. Be7 Rfe8 16. Bf6 Bxf6 17. Qxf6 Nxc4 18. b3 Nd6 19. Rfd1 Qd8 20. Qe5 Nf5 21. Ne4 Ng7 22. Nf6+ Kh8 23. Nxe8 Qxe8 24. Qf6 h5 25. Rac1 Qd7 26. Qf4 Rf8 27. Rc7 Qb5 28. Rxf7 Rxf7 29. Qxf7 Qc5 30. Qxg6 e5 31. Qf7 d4 32. Qxb7 Qc2 33. Re1 Qxa2 34. h3 d3 35. Rxe5 Qa1+ 36. Kh2 Qxe5+ 37. g3 Qe2 38. Qxa7 d2 0-1

[Event "RN-2014-0-00864"]
[Site "LSS email"]
[Date "2014.11.04"]
[Round "?"]
[White "Vontina, Maria"]
[Black "Fridich, Vaclav Sr"]
[Result "0-1"]
[WhiteElo "670"]
[BlackElo "910"]
[PlyCount "62"]
[EventDate "2014.10.22"]
[EventType "tourn (corr)"]
[EventRounds "6"]
[EventCountry "GER"]
[SourceTitle "Corr 2015"]
[Source "ChessBase"]
[SourceDate "2015.07.17"]
[SourceVersion "1"]
[SourceVersionDate "2015.07.17"]
[SourceQuality "1"]

1. e4 c5 2. Nf3 d6 3. d4 g6 4. Nc3 cxd4 5. Nxd4 Bg7 6. Be3 Nf6 7. f3 0-0 8. Qd2 a6 9. 0-0-0 Nc6 10. g4 Nxd4 11. Bxd4 b5 12. a3 Bb7 13. Kb1 Rc8 14. h4 h5 15. gxh5 Nxh5 16. Bxg7 Kxg7 17. Qg5 e6 18. Qg4 Qc7 19. Rg1 Kh7 20. Be2 a5 21. Rc1 b4 22. axb4 axb4 23. Nd1 b3 24. Nc3 bxc2+ 25. Rxc2 Ra8 26. Rcc1 Qa5 27. f4 Rfc8 28. f5 Rg8 29. fxe6 fxe6 30. Qxe6 Nf4 31. h5 Nxe6 0-1

[Event "RN-2014-0-00863"]
[Site "LSS email"]
[Date "2014.10.30"]
[Round "?"]
[White "Bester, Kazimierz"]
[Black "Fridich, Vaclav Sr"]
[Result "1/2-1/2"]
[WhiteElo "744"]
[BlackElo "910"]
[PlyCount "52"]
[EventDate "2014.10.20"]
[EventType "tourn (corr)"]
[EventRounds "6"]
[EventCountry "GER"]
[SourceTitle "Corr 2015"]
[Source "ChessBase"]
[SourceDate "2015.07.17"]
[SourceVersion "1"]
[SourceVersionDate "2015.07.17"]
[SourceQuality "1"]

1. f4 e5 2. d3 Nc6 3. Nf3 d6 4. c3 Bg4 5. e3 exf4 6. exf4 Qe7+ 7. Kf2 0-0-0 8. Be2 Nf6 9. Re1 Qd7 10. h3 Be6 11. Kg1 h6 12. Nbd2 Be7 13. Nd4 Nxd4 14. cxd4 g5 15. Nf3 g4 16. hxg4 Bxg4 17. Nh2 Be6 18. Bf3 Nd5 19. Bd2 Rdg8 20. f5 Bxf5 21. Bxd5 Bh3 22. Re2 Bf6 23. Qb3 Bg4 24. Nxg4 Qxg4 25. Qxb7+ Kd8 26. Qa8+ Qc8 1/2-1/2

[Event "SN-2014-0-00636"]
[Site "LSS email"]
[Date "2014.10.30"]
[Round "?"]
[White "Fridich, Vaclav Sr"]
[Black "Rada, Karel"]
[Result "0-1"]
[WhiteElo "933"]
[BlackElo "940"]
[PlyCount "60"]
[EventDate "2014.10.12"]
[EventType "tourn (corr)"]
[EventRounds "6"]
[EventCountry "GER"]
[SourceTitle "Corr 2015"]
[Source "ChessBase"]
[SourceDate "2015.07.17"]
[SourceVersion "1"]
[SourceVersionDate "2015.07.17"]
[SourceQuality "1"]

1. e4 e5 2. Nf3 Nc6 3. Bc4 Bc5 4. c3 Nf6 5. d3 d6 6. Bg5 h6 7. Be3 Bb6 8. Bxb6 axb6 9. a3 Be6 10. Bxe6 fxe6 11. 0-0 Qd7 12. Nbd2 g5 13. d4 g4 14. Ne1 exd4 15. cxd4 Nxd4 16. f4 0-0-0 17. Nc2 Nxc2 18. Qxc2 Qg7 19. b4 g3 20. h3 Nh5 21. Nc4 Kb8 22. b5 Nxf4 23. a4 Qd4+ 24. Kh1 Nd3 25. Rad1 Nf2+ 26. Rxf2 Qxf2 27. Qxf2 gxf2 28. Rf1 Rhf8 29. Nd2 d5 30. e5 Rf4 0-1

[Event "SN-2014-0-00636"]
[Site "LSS email"]
[Date "2014.10.30"]
[Round "?"]
[White "Linart, Ludvik"]
[Black "Fridich, Vaclav Sr"]
[Result "1/2-1/2"]
[WhiteElo "1229"]
[BlackElo "933"]
[PlyCount "40"]
[EventDate "2014.10.12"]
[EventType "tourn (corr)"]
[EventRounds "6"]
[EventCountry "GER"]
[SourceTitle "Corr 2015"]
[Source "ChessBase"]
[SourceDate "2015.07.17"]
[SourceVersion "1"]
[SourceVersionDate "2015.07.17"]
[SourceQuality "1"]

1. d4 Nf6 2. c4 e5 3. dxe5 Ng4 4. f4 Bb4+ 5. Bd2 Ne3 6. Qb3 Bxd2+ 7. Nxd2 Nxf1 8. Nxf1 Nc6 9. 0-0-0 b6 10. Nf3 Bb7 11. Ne3 Na5 12. Qc3 Qe7 13. b4 Nc6 14. Nd5 Qd8 15. Ng5 h6 16. Nf3 Ne7 17. e6 Nxd5 18. Qxg7 Qf6 19. exd7+ Ke7 20. Qxf6+ Nxf6 1/2-1/2

[Event "RN-2014-0-00863"]
[Site "LSS email"]
[Date "2014.10.30"]
[Round "?"]
[White "Venturas, Bob"]
[Black "Fridich, Vaclav Sr"]
[Result "0-1"]
[WhiteElo "686"]
[BlackElo "910"]
[PlyCount "68"]
[EventDate "2014.10.20"]
[EventType "tourn (corr)"]
[EventRounds "6"]
[EventCountry "GER"]
[SourceTitle "Corr 2015"]
[Source "ChessBase"]
[SourceDate "2015.07.17"]
[SourceVersion "1"]
[SourceVersionDate "2015.07.17"]
[SourceQuality "1"]

1. e4 d5 2. e5 d4 3. d3 c5 4. c3 Nc6 5. Nf3 Qc7 6. cxd4 Nxd4 7. Nxd4 Qxe5+ 8. Ne2 Bf5 9. Nbc3 0-0-0 10. Qa4 a6 11. Bf4 Qe6 12. Qa5 Qc6 13. 0-0-0 f6 14. Na4 e5 15. Be3 Bd7 16. Nec3 Nh6 17. f3 Nf5 18. Bxc5 Bxc5 19. Nxc5 Kb8 20. N3a4 Nd4 21. Nb6 Bc8 22. Kb1 Ka7 23. Nxc8+ Rxc8 24. Qb4 Qxc5 25. Qd2 Rc6 26. Be2 Rhc8 27. Rc1 Qxc1+ 28. Rxc1 Rxc1+ 29. Qxc1 Rxc1+ 30. Kxc1 Nxe2+ 31. Kd2 Nd4 32. b3 b5 33. Ke3 Kb6 34. b4 Nc2+ 0-1

[Event "RN-2014-0-00861"]
[Site "LSS email"]
[Date "2014.10.25"]
[Round "?"]
[White "Fridich, Vaclav Sr"]
[Black "Bieszk, Stanislaw"]
[Result "1/2-1/2"]
[WhiteElo "910"]
[BlackElo "850"]
[PlyCount "51"]
[EventDate "2014.10.16"]
[EventType "tourn (corr)"]
[EventRounds "6"]
[EventCountry "GER"]
[SourceTitle "Corr 2015"]
[Source "ChessBase"]
[SourceDate "2015.07.17"]
[SourceVersion "1"]
[SourceVersionDate "2015.07.17"]
[SourceQuality "1"]

1. e4 c5 2. Nf3 d6 3. d4 cxd4 4. Nxd4 Nf6 5. Nc3 a6 6. Bg5 e6 7. Qf3 Nbd7 8. Bd3 Qc7 9. a3 b5 10. 0-0 Bb7 11. Na2 h6 12. Be3 Ne5 13. Qe2 Be7 14. Rac1 0-0 15. f4 Nxd3 16. cxd3 Qd7 17. Rfd1 Rac8 18. h3 Rc7 19. Nf3 Rfc8 20. Rxc7 Rxc7 21. Rc1 Rxc1+ 22. Nxc1 Qc6 23. Qd1 d5 24. e5 Nd7 25. d4 Nb6 26. Ne2 1/2-1/2

[Event "RN-2014-0-00861"]
[Site "LSS email"]
[Date "2014.10.25"]
[Round "?"]
[White "Gorman, Andrew"]
[Black "Fridich, Vaclav Sr"]
[Result "1/2-1/2"]
[WhiteElo "844"]
[BlackElo "910"]
[PlyCount "60"]
[EventDate "2014.10.16"]
[EventType "tourn (corr)"]
[EventRounds "6"]
[EventCountry "GER"]
[SourceTitle "Corr 2015"]
[Source "ChessBase"]
[SourceDate "2015.07.17"]
[SourceVersion "1"]
[SourceVersionDate "2015.07.17"]
[SourceQuality "1"]

1. e4 d5 2. exd5 Nf6 3. Bb5+ Bd7 4. Be2 Nxd5 5. d4 e6 6. Nf3 Bd6 7. c4 Nf6 8. Bg5 0-0 9. Nc3 h6 10. Bxf6 Qxf6 11. Qd3 c5 12. d5 b6 13. Ne4 Qe7 14. 0-0 Na6 15. a3 e5 16. Rfe1 f5 17. Nxd6 Qxd6 18. Qc3 Rad8 19. Nxe5 Bc8 20. Bh5 Nc7 21. h3 Rf6 22. Nc6 Rdf8 23. Nxa7 Bd7 24. Rad1 Ra8 25. Nb5 Nxb5 26. cxb5 Bxb5 27. Re3 f4 28. Ree1 Bd7 29. Qe5 Qf8 30. Qe7 Qxe7 1/2-1/2

[Event "RN-2014-0-00861"]
[Site "LSS email"]
[Date "2014.10.25"]
[Round "?"]
[White "Hickl, Norbert"]
[Black "Fridich, Vaclav Sr"]
[Result "1/2-1/2"]
[WhiteElo "924"]
[BlackElo "910"]
[PlyCount "58"]
[EventDate "2014.10.16"]
[EventType "tourn (corr)"]
[EventRounds "6"]
[EventCountry "GER"]
[SourceTitle "Corr 2015"]
[Source "ChessBase"]
[SourceDate "2015.07.17"]
[SourceVersion "1"]
[SourceVersionDate "2015.07.17"]
[SourceQuality "1"]

1. c4 Nf6 2. g3 e6 3. Bg2 c6 4. Nf3 d5 5. b3 Bd6 6. d4 0-0 7. c5 Bc7 8. Nbd2 Nbd7 9. 0-0 b6 10. b4 a5 11. Qa4 Bb7 12. Ba3 axb4 13. Qxb4 b5 14. Bb2 Ra4 15. Qb3 Qe7 16. Bc3 Rfa8 17. a3 Bc8 18. Bb4 e5 19. dxe5 Nxe5 20. Rfe1 h6 21. e4 dxe4 22. Nxe5 Bxe5 23. Rad1 Nd5 24. Rxe4 Bf5 25. Ree1 Nxb4 26. axb4 Qc7 27. Bxc6 Qxc6 28. Rxe5 Be6 29. Qf3 Qxf3 1/2-1/2

[Event "RN-2014-0-00855"]
[Site "LSS email"]
[Date "2014.10.12"]
[Round "?"]
[White "Fridich, Vaclav Sr"]
[Black "Bieszk, Stanislaw"]
[Result "1/2-1/2"]
[WhiteElo "910"]
[BlackElo "850"]
[PlyCount "76"]
[EventDate "2014.10.02"]
[EventType "tourn (corr)"]
[EventRounds "6"]
[EventCountry "GER"]
[SourceTitle "Corr 2015"]
[Source "ChessBase"]
[SourceDate "2015.07.17"]
[SourceVersion "1"]
[SourceVersionDate "2015.07.17"]
[SourceQuality "1"]

1. e4 Nf6 2. e5 Nd5 3. d4 e6 4. c4 Nb6 5. Nf3 d5 6. c5 N6d7 7. Bf4 b6 8. b4 c6 9. Bd3 a5 10. Bd2 axb4 11. Bxb4 Na6 12. Bxa6 Bxa6 13. Nc3 bxc5 14. dxc5 Bxc5 15. Bxc5 Nxc5 16. Ne2 Nd3+ 17. Kf1 Nf4 18. Nfd4 c5 19. g3 Nxe2 20. Nxe2 Ke7 21. Kg2 Qa5 22. Re1 Rhb8 23. Ng1 Bc4 24. Nf3 Qc7 25. a3 Rb3 26. Qc2 Raxa3 27. Rxa3 Rxa3 28. Rc1 g6 29. Qb2 Qa7 30. Qd2 Ra2 31. Qg5+ Ke8 32. Qf6 Qa3 33. Rxc4 dxc4 34. Ng5 Qa7 35. Qh8+ Ke7 36. Qf6+ Ke8 37. Qh8+ Ke7 38. Qf6+ Ke8 1/2-1/2

[Event "RN-2014-0-00853"]
[Site "LSS email"]
[Date "2014.10.05"]
[Round "?"]
[White "Bieszk, Stanislaw"]
[Black "Fridich, Vaclav Sr"]
[Result "1/2-1/2"]
[WhiteElo "850"]
[BlackElo "910"]
[PlyCount "64"]
[EventDate "2014.09.25"]
[EventType "tourn (corr)"]
[EventRounds "6"]
[EventCountry "GER"]
[SourceTitle "Corr 2015"]
[Source "ChessBase"]
[SourceDate "2015.07.17"]
[SourceVersion "1"]
[SourceVersionDate "2015.07.17"]
[SourceQuality "1"]

1. c4 Nf6 2. Nc3 d5 3. e3 e5 4. Nxd5 Nxd5 5. cxd5 Qxd5 6. Qf3 e4 7. Qg3 Qd6 8. Qxd6 Bxd6 9. d3 Bb4+ 10. Bd2 Bxd2+ 11. Kxd2 Bf5 12. dxe4 Bxe4 13. f3 Bf5 14. e4 Be6 15. b3 Nc6 16. Bb5 Bd7 17. Ne2 0-0-0 18. Kc3 a6 19. Bxc6 Bxc6 20. Rhd1 f6 21. Nd4 Bd7 22. Rd2 c5 23. Ne2 Bb5 24. a4 Rxd2 25. Kxd2 Rd8+ 26. Ke3 Rd3+ 27. Kf2 Be8 28. Rb1 Kc7 29. Nf4 Rd6 30. Rc1 b6 31. Nd5+ Kb7 32. b4 Rc6 1/2-1/2

[Event "SN-2014-0-00626"]
[Site "LSS email"]
[Date "2014.09.23"]
[Round "?"]
[White "Fridich, Vaclav Sr"]
[Black "Trevis, Robert R"]
[Result "0-1"]
[WhiteElo "933"]
[BlackElo "1000"]
[PlyCount "51"]
[EventDate "2014.09.04"]
[EventType "tourn (corr)"]
[EventRounds "6"]
[EventCountry "GER"]
[SourceTitle "Corr 2015"]
[Source "ChessBase"]
[SourceDate "2015.07.17"]
[SourceVersion "1"]
[SourceVersionDate "2015.07.17"]
[SourceQuality "1"]

1. d4 Nf6 2. g4 d6 3. g5 Nfd7 4. e4 e5 5. dxe5 dxe5 6. b3 Bc5 7. Nf3 0-0 8. h4 Nb6 9. Nbd2 Nc6 10. Bb2 Bg4 11. Be2 Qe7 12. Rg1 Bh5 13. Nh2 Bxe2 14. Qxe2 Nd4 15. Bxd4 Bxd4 16. Rb1 Qa3 17. Qd3 Rad8 18. Qg3 Qxa2 19. Ke2 Qxc2 20. Rgc1 Bxf2 21. Rxc2 Bxg3 22. Nhf3 c6 23. Kf1 f5 24. Kg2 Bf4 25. exf5 Rxf5 26. Rbb2 0-1

[Event "RF-2014-0-00201"]
[Site "LSS email"]
[Date "2014.09.15"]
[Round "?"]
[White "Fridich, Vaclav Sr"]
[Black "Barros Uriburu, Nicolas"]
[Result "0-1"]
[WhiteElo "910"]
[BlackElo "1019"]
[PlyCount "52"]
[EventDate "2014.08.23"]
[EventType "tourn (corr)"]
[EventRounds "6"]
[EventCountry "GER"]
[SourceTitle "Corr 2015"]
[Source "ChessBase"]
[SourceDate "2015.07.17"]
[SourceVersion "1"]
[SourceVersionDate "2015.07.17"]
[SourceQuality "1"]

1. e4 e5 2. Nf3 Nc6 3. Bb5 a6 4. Ba4 b5 5. Bb3 Nf6 6. d3 d6 7. Ng5 d5 8. exd5 Nd4 9. d6 Nxb3 10. axb3 cxd6 11. 0-0 Bg4 12. f3 Qb6+ 13. Kh1 Bd7 14. Ne4 Be7 15. Qe2 d5 16. Nxf6+ Bxf6 17. f4 0-0 18. Be3 d4 19. Bg1 Rae8 20. Qf2 e4 21. dxe4 Rxe4 22. Nd2 Re6 23. Rab1 Bc6 24. Nf3 Qb7 25. Nxd4 Bxd4 26. Qxd4 Bxg2# 0-1

[Event "RN-2014-0-00844"]
[Site "LSS email"]
[Date "2014.09.08"]
[Round "?"]
[White "Fridich, Vaclav Sr"]
[Black "Bieszk, Stanislaw"]
[Result "1-0"]
[WhiteElo "910"]
[BlackElo "850"]
[PlyCount "55"]
[EventDate "2014.08.24"]
[EventType "tourn (corr)"]
[EventRounds "6"]
[EventCountry "GER"]
[SourceTitle "Corr 2015"]
[Source "ChessBase"]
[SourceDate "2015.07.17"]
[SourceVersion "1"]
[SourceVersionDate "2015.07.17"]
[SourceQuality "1"]

1. e4 Nf6 2. e5 Nd5 3. d4 c5 4. c4 Nb4 5. d5 a5 6. a3 N4a6 7. Nf3 e6 8. Nc3 d6 9. Be2 exd5 10. Nxd5 dxe5 11. Nxe5 Bd6 12. Nd3 0-0 13. 0-0 Re8 14. Bg4 Nd7 15. Qf3 Nc7 16. N3f4 Bxf4 17. Bxf4 Nxd5 18. cxd5 Nf6 19. Bxc8 Rxc8 20. d6 Rc6 21. Rfe1 g6 22. h3 Nh5 23. Bh2 f5 24. Rac1 Nf6 25. Qb3+ Kf8 26. Qxb7 Qb6 27. Rxe8+ Kxe8 28. Qe7# 1-0

[Event "RN-2014-0-00844"]
[Site "LSS email"]
[Date "2014.09.08"]
[Round "?"]
[White "Vontina, Maria"]
[Black "Fridich, Vaclav Sr"]
[Result "1/2-1/2"]
[WhiteElo "670"]
[BlackElo "910"]
[PlyCount "32"]
[EventDate "2014.08.24"]
[EventType "tourn (corr)"]
[EventRounds "6"]
[EventCountry "GER"]
[SourceTitle "Corr 2015"]
[Source "ChessBase"]
[SourceDate "2015.07.17"]
[SourceVersion "1"]
[SourceVersionDate "2015.07.17"]
[SourceQuality "1"]

1. e4 c5 2. Nf3 d6 3. d4 cxd4 4. Nxd4 Nf6 5. Nc3 g6 6. Be3 Bg7 7. f3 0-0 8. Qd2 a6 9. g4 Nc6 10. 0-0-0 Nxd4 11. Bxd4 b5 12. a3 Bd7 13. h4 h5 14. gxh5 Nxh5 15. Rg1 Kh7 16. Bxg7 Kxg7 1/2-1/2

[Event "RF-2014-0-00197"]
[Site "LSS email"]
[Date "2014.08.24"]
[Round "?"]
[White "Fridich, Vaclav Sr"]
[Black "Hickl, Norbert"]
[Result "0-1"]
[WhiteElo "910"]
[BlackElo "924"]
[PlyCount "48"]
[EventDate "2014.08.02"]
[EventType "tourn (corr)"]
[EventRounds "6"]
[EventCountry "GER"]
[SourceTitle "Corr 2015"]
[Source "ChessBase"]
[SourceDate "2015.07.17"]
[SourceVersion "1"]
[SourceVersionDate "2015.07.17"]
[SourceQuality "1"]

1. e4 e6 2. d4 d5 3. exd5 exd5 4. Nf3 Bd6 5. Nc3 Be6 6. Nb5 Bb4+ 7. Bd2 Bxd2+ 8. Qxd2 c6 9. Nc3 Nf6 10. h3 Nbd7 11. Be2 0-0 12. 0-0 Re8 13. Bd3 Ne4 14. Qe1 Ndf6 15. Ne5 Nxc3 16. Qxc3 Ne4 17. Qe1 Qg5 18. Kh2 f6 19. Nf3 Qf4+ 20. Kh1 Bxh3 21. Qc1 Bxg2+ 22. Kxg2 Qg4+ 23. Kh2 Qxf3 24. Bxe4 Rxe4 0-1

[Event "RF-2014-0-00197"]
[Site "LSS email"]
[Date "2014.08.24"]
[Round "?"]
[White "Vontina, Maria"]
[Black "Fridich, Vaclav Sr"]
[Result "0-1"]
[WhiteElo "670"]
[BlackElo "910"]
[PlyCount "52"]
[EventDate "2014.08.02"]
[EventType "tourn (corr)"]
[EventRounds "6"]
[EventCountry "GER"]
[SourceTitle "Corr 2015"]
[Source "ChessBase"]
[SourceDate "2015.07.17"]
[SourceVersion "1"]
[SourceVersionDate "2015.07.17"]
[SourceQuality "1"]

1. e4 e5 2. Nf3 d6 3. d4 Bg4 4. dxe5 Nc6 5. Bb5 Bd7 6. exd6 Bxd6 7. 0-0 Nge7 8. Re1 Ne5 9. Bxd7+ Qxd7 10. Bf4 Nxf3+ 11. Qxf3 0-0-0 12. Be3 Kb8 13. Nc3 Qe6 14. a3 a6 15. b4 f5 16. exf5 Qxf5 17. Qe2 Ka8 18. b5 Qe5 19. g3 Qxc3 20. bxa6 b6 21. a4 Rhe8 22. Qb5 Qc6 23. Qb3 Be5 24. Ra2 Nd5 25. a5 Nxe3 26. fxe3 Bd4 0-1

[Event "SN-2014-0-00613"]
[Site "LSS email"]
[Date "2014.07.28"]
[Round "?"]
[White "Fridich, Vaclav Sr"]
[Black "Heineccius, August"]
[Result "1-0"]
[WhiteElo "933"]
[BlackElo "386"]
[PlyCount "55"]
[EventDate "2014.07.12"]
[EventType "tourn (corr)"]
[EventRounds "6"]
[EventCountry "GER"]
[SourceTitle "Corr 2015"]
[Source "ChessBase"]
[SourceDate "2015.07.17"]
[SourceVersion "1"]
[SourceVersionDate "2015.07.17"]
[SourceQuality "1"]

1. e4 c5 2. f4 d5 3. exd5 a6 4. c4 Bf5 5. Nf3 b5 6. b3 g6 7. Bb2 f6 8. Be2 h5 9. d4 cxd4 10. Nxd4 Qa5+ 11. Bc3 Qb6 12. 0-0 b4 13. Bb2 Nd7 14. Kh1 e5 15. dxe6 Nc5 16. Nxf5 gxf5 17. Bd4 Rd8 18. Qe1 Rxd4 19. Qh4 Ke7 20. Qg3 Ne4 21. Qe3 Kxe6 22. Nd2 Kf7 23. Nxe4 fxe4 24. Rad1 Bc5 25. Rxd4 f5 26. Rd7+ Be7 27. Qxb6 Rh6 28. Qd4 1-0